Hormones - Statistics

General Stats
  • This quiz has been taken 2 times
  • The average score is 92 of 177
Answer Stats
Hint Category Answer % Correct
A__ c__ Name Adrenal Cortex (gland)
100%
A__ m__ Name Adrenal Medulla (neurons)
100%
Hormone (A/T) Androgens/Testosterone
100%
Hormone (C) Cortisol
100%
Hormone (E) Estrogen
100%
Hormone (E) Estrogen
100%
Hormone (I) Insulin
100%
Hormone Melatonin
100%
Main Effect Metabolism, growth, and development
100%
O__ Name Ovaries (gland)
100%
Type P
100%
P__ Name Pancreas (gland)
100%
P__ g__ Name Pineal Gland
100%
Type S
100%
Type S
100%
Types S
100%
T__ Name Testes (gland)
100%
T__ g__ Name Thyroid Gland
100%
A
50%
Type A
50%
Type A
50%
A__ t__ Name Adipose Tissue (endocrine cells)
50%
Primary Target(s) Adrenal cortex
50%
Hormone (A) Aldosterone
50%
by what cells Alpha cells
50%
Alters channel opening
50%
Hormone(s) (A) Androgens
50%
Hormone (A) Angiotensinogen
50%
Hormone ANP/Atrial natriuretic peptide
50%
Primary Target(s) Anterior pituitary
50%
A__ p__ Name Anterior Pituitary
50%
Primary Target(s) Anterior pituitary
50%
Primary Target(s) Anterior pituitary
50%
Main Effect Assist digestion and absorption of nutrients
50%
by what cells Beta cells
50%
Blood vessels
50%
Primary Target(s) Bone
50%
Primary Target(s) (B) Bone
50%
Main Effect Bone deposition
50%
Primary Target(s) Bone marrow
50%
Primary Target(s) Brain, other tissues
50%
Primary Target(s) Breast
50%
Primary Target(s) Breast
50%
Hormone Calcitonin
50%
(C__) Cholecystokinin/CCK
50%
Hormone (h) Chorionic gonadotropin/hCG
50%
Hormone (h) Chorionic somatomammotropin/hCS
50%
Main Effect Circadian rhythms
50%
Primary Target(s) Corpus luteum/CL
50%
Hormone (A) Corticotropin/ACTH
50%
Main Effect Cortisol release
50%
Hormone (D) D3 (-ish)/calciferol
50%
Main Effect (I) Decrease plasma glucose
50%
Main Effect Egg production, secondary sex characteristics
50%
Hormone Epinephrine/adrenaline
50%
Hormone (E) Erythropoietin/EPO
50%
Main Effect Fetal, maternal development
50%
Main Effect Fight-or-flight response
50%
Hormone (F) Follicle-stimulating hormone (FSH)
50%
Main Effect Food intake, metabolism
50%
Hormone (G__) Gastrin
50%
(G) Glucagon
50%
Primary Target(s) Gonads
50%
Primary Target(s) Gonads
50%
Main Effect Growth
50%
Main Effect Growth factor secretion
50%
Hormone (G) Growth hormone/somatotropin (GH)
50%
H__ Name Heart (endocrine cells)
50%
Main Effect Hormone secretion
50%
H__ Name Hypothalamus
50%
Primary Target(s) Hypothalamus, other tissues
50%
Immune function
50%
Main Effect (G) Increase plasma glucose
50%
increases blood pressure
50%
Main Effect Increases plasma Ca2+ levels
50%
Hormone (I) Inhibin
50%
Hormone (I) Inhibin
50%
Main Effect (S) Inhibitor
50%
Main Effect Inhibits FSH secretion
50%
Main Effect Inhibits FSH secretion
50%
Hormone (I) Insulin-like growth factors/IGF
50%
(I) Intestine
50%
Primary Target(s) Kidney
50%
(K) Kidney
50%
Primary Target(s) Kidney
50%
K__ Name Kidney (endocrine cells)
50%
Primary Target(s) Kidneys
50%
Labor/delivery
50%
Hormone Leptin, adiponectin
50%
L__ Name Liver (endocrine cells)
50%
Primary Target(s) Liver, many tissues
50%
Hormone (L) Luteinizing hormone (LH)
50%
Main Effect Lymphocyte development
50%
Primary Target(s) Lymphocytes
50%
Primary Target(s) Many tissues
50%
Primary Target(s) Many tissues
50%
Primary Target(s) Many tissues
50%
Primary Target(s) Many tissues
50%
Primary Target(s) Many tissues
50%
Primary Target(s) Many tissues
50%
Primary Target(s) Many tissues
50%
Primary Target(s) Many tissues
50%
Primary Target(s) Many tissues
50%
Primary Target(s) Many tissues
50%
Main Effect Metabolism
50%
Metabolism and growth
50%
Main Effect Milk ejection
50%
Main Effect Milk production
50%
Norepinephrine/noradrenaline
50%
Hormone (O) Oxytocin
50%
Type? P
50%
Type? P
50%
Type? P
50%
Type P
50%
Type P
50%
Type P
50%
Type P
50%
Type P
50%
Type P
50%
Type P
50%
Type P
50%
Type P
50%
Type P
50%
Type P
50%
Type P
50%
Type P
50%
Type P
50%
Type P
50%
Type P
50%
Type P
50%
Type P
50%
Type P
50%
(P__P__) Pancreatic polypeptide
50%
P__ g__ Name Parathyroid Gland
50%
Main Effect Phosphorylates proteins
50%
P__ Name Placenta (endocrine cells)
50%
P__ p__ Name Posterior Pituitary (neurons)
50%
(P) Progesterone
50%
Hormone (P) Prolactin
50%
Hormone PTH/Parathyroid hormone
50%
Main Effect Red blood cell production
50%
Main Effect Relaxes muscle
50%
Hormone (R) Relaxin
50%
Type S
50%
Type S
50%
Type S
50%
Type S
50%
(S__) Secretin (as well as others)
50%
Main Effect Sex hormone production; egg/sperm production
50%
Main Effect Sex hormone production; egg/sperm production
50%
S__ i__ Name Small intestine (endocrine cells)
50%
(S) Somatostatin
50%
Main Effect Sperm production, secondary sex characteristics
50%
S__ Name Stomach (endocrine cells)
50%
Main Effect Stress response
50%
Hormone T3/Triiodothyronine
50%
T4/Thyroxine
50%
T__ g__ Name Thymus Gland
50%
Primary Target(s) Thyroid gland
50%
Main Effect Thyroid hormone synthesis (T3/T4)
50%
Hormone (T) Thyrotropin/TSH
50%
Hormone Trophic hormones
50%
Primary Target(s) Uterine muscle
50%
Uterus
50%
Hormone (V) Vasopressin (ADH)
50%
Main Effect Water reabsorption
50%
Primary Target(s) Adrenal cortex
0%
Main Effect Aldosterone secretion
0%
Decreases plasma phosphate levels
0%
Primary Target(s) GI tract
0%
Increase K excretion
0%
Main Effect Increase Na reabsorption
0%
Main Effect Increases Ca absorption
0%
Main Effect Increases Na+ excretion
0%
Primary Target(s) Intestine
0%
Pancreas
0%
Hormone Thymosin/TPO
0%
No matching quizzes found
Score Distribution
Percent of People with Each Score
Percentile by Number Answered
Your Score History
You have not taken this quiz